[Event "FAI-chT2 1516"]
[Site "Faroe Islands"]
[Date "2015.10.31"]
[Round "3.4"]
[White "Ortind, Joannes"]
[Black "Hansen, Johan E"]
[Result "0-1"]
[WhiteElo "1461"]
[BlackElo "1615"]
[PlyCount "40"]
[EventDate "2015.10.25"]
[EventType "team-tourn"]
[EventRounds "10"]
[EventCountry "FAI"]
[SourceTitle "EXT 2017"]
[Source "ChessBase"]
[SourceDate "2016.10.25"]
[SourceVersion "1"]
[SourceVersionDate "2016.10.25"]
[SourceQuality "1"]
[WhiteTeam "Sandavagur III"]
[BlackTeam "Havnin III"]
[WhiteTeamCountry "FAI"]
[BlackTeamCountry "FAI"]

1. e4 e5 2. Nf3 Nc6 3. Bc4 Bc5 4. d3 Nf6 5. Be3 Bb6 6. 0-0 0-0 7. Nc3 d6 8. Qd2 Be6 9. Nd5 Bxd5 10. Bxd5 Nxd5 11. exd5 Ne7 12. c4 Nf5 13. Bxb6 axb6 14. a4 Nh4 15. Ng5 h6 16. Nh3 Qd7 17. b3 Qxh3 18. f4 Qd7 19. g3 Nf5 20. g4 Nd4 0-1

[Event "FAI-chT3 1213"]
[Site "Faroe Islands"]
[Date "2012.10.28"]
[Round "1.2"]
[White "Gudmundsen, Torur"]
[Black "Ortind, Joannes"]
[Result "1-0"]
[WhiteElo "1604"]
[BlackElo "1501"]
[PlyCount "119"]
[EventDate "2012.10.28"]
[EventType "team-tourn"]
[EventRounds "7"]
[EventCountry "FAI"]
[SourceTitle "EXT 2014"]
[Source "ChessBase"]
[SourceDate "2013.11.20"]
[SourceVersion "1"]
[SourceVersionDate "2013.11.20"]
[SourceQuality "1"]
[WhiteTeam "Sandavagur IV"]
[BlackTeam "Sandavagur III"]
[WhiteTeamCountry "FAI"]
[BlackTeamCountry "FAI"]

1. d4 d5 2. c4 Nf6 3. Bf4 e6 4. c5 Nc6 5. Nf3 Bd7 6. e3 Na5 7. b4 Nc6 8. a3 a6 9. Bd3 Nh5 10. Bg5 Be7 11. Bxe7 Qxe7 12. Qc2 Nf6 13. Qc3 Na7 14. a4 0-0 15. Ne5 Qe8 16. Nxd7 Nxd7 17. 0-0 e5 18. Nd2 e4 19. Bc2 f5 20. f4 Rf6 21. Bb3 c6 22. Rf2 Rh6 23. Nf1 Nf6 24. Bd1 Qg6 25. Qe1 Nc8 26. Rb2 Ne7 27. Qg3 Qf7 28. Raa2 Kh8 29. b5 cxb5 30. axb5 Rg6 31. Qe1 Qe8 32. bxa6 bxa6 33. Rb6 Nd7 34. Rxg6 hxg6 35. Ba4 Qd8 36. Bxd7 Qxd7 37. Qa5 Qb7 38. Qb6 Qa7 39. Nd2 a5 40. Nb1 Qa6 41. Qxa6 Rxa6 42. Nc3 Kg8 43. Kf2 Kf7 44. Ke2 Ke6 45. Nb5 Kd7 46. Nc3 Kc6 47. Kd2 Nc8 48. Kc2 Na7 49. Kb3 Nb5 50. Na4 Nc7 51. Nc3 Ne6 52. h4 Nc7 53. Ka4 Ne8 54. Rb2 Nf6 55. Nd1 Ra8 56. Rb6+ Kc7 57. Nc3 Rb8 58. Rxb8 Kxb8 59. Kxa5 Ng4 60. Nxd5 1-0